Liberdade de expressao e comunicacao (Registro nro. 60044)

Detalles MARC
000 -LEADER
fixed length control field 00685nam a22002057a 4500
005 - DATE AND TIME OF LATEST TRANSACTION
control field 20230328115202.0
008 - FIXED-LENGTH DATA ELEMENTS--GENERAL INFORMATION
fixed length control field 230113b bl ||||| |||| 00| 0 por d
020 ## - INTERNATIONAL STANDARD BOOK NUMBER
International Standard Book Number 8520324169
050 04 - LIBRARY OF CONGRESS CALL NUMBER
Classification number KHD3012
Item number F37 2004
100 1# - MAIN ENTRY--PERSONAL NAME
Personal name Edilsom, Farias
245 10 - TITLE STATEMENT
Title Liberdade de expressao e comunicacao
Remainder of title : teoria e protecao constitucional
Statement of responsibility, etc / Edilsom Farias.
250 ## - EDITION STATEMENT
Edition statement 1a ed.
260 ## - PUBLICATION, DISTRIBUTION, ETC. (IMPRINT)
Place of publication, distribution, etc Sao Paulo :
Name of publisher, distributor, etc Editora Revista dos Tribunais,
Date of publication, distribution, etc 2004
300 ## - PHYSICAL DESCRIPTION
Extent 304 p. ;
Dimensions 21 cm.
504 ## - BIBLIOGRAPHY, ETC. NOTE
Bibliography, etc Bibliografía : p. 291-304
650 #7 - SUBJECT ADDED ENTRY--TOPICAL TERM
Source of heading or term lemb
Topical term or geographic name as entry element Libertad de expresión
Geographic subdivision Brasil
650 #7 - SUBJECT ADDED ENTRY--TOPICAL TERM
Source of heading or term lemb
Topical term or geographic name as entry element Libertad de prensa
Geographic subdivision Brasil
650 #7 - SUBJECT ADDED ENTRY--TOPICAL TERM
Source of heading or term lemb
Topical term or geographic name as entry element Derecho constitucional
Geographic subdivision Brasil
942 ## - ADDED ENTRY ELEMENTS (KOHA)
Source of classification or shelving scheme Biblioteca del Cogreso de los Estados Unidos
Koha item type Libro
Existencias
Estado de pérdida Fuente de clasificación Estado del daño No para préstamo Ubicación permanente Ubicación actual Apartado o colección Fecha de adquisición Fuente de adquisición Edición Área del conocimiento Total Checkouts Clasificación Código de Barras Date last seen Número de copia Costo por reposición Tipo de recurso
  Biblioteca del Cogreso de los Estados Unidos     Biblioteca del Posgrado en Derecho Biblioteca del Posgrado en Derecho Colección Ernesto Villanueva 28/03/2023 Donación 1a ed. Ciencias Sociales y Administrativas   KHD3012 F37 2004 BPD000001896 28/03/2023 1 1.00 Libro